| 000 | 01371nam a2200349 a 4500 | ||
|---|---|---|---|
| 001 | 000113334 | ||
| 003 | CHAP | ||
| 005 | 20220329144349.0 | ||
| 008 | 170608s2016 mx a fsm |||||||spa d | ||
| 010 | _a109795 | ||
| 011 | _a110767 | ||
| 040 | _cCHAP | ||
| 090 | _aTesis | ||
| 100 | 1 |
_aJiménez Jiménez, Belén _9132511 |
|
| 245 | 1 | 0 |
_aCaracterización morfológica y molecular de Cerotelium fici, agente causal de la roya del higo en el Estado de México / _h[En línea] _cpor Belén Jiménez Jiménez. |
| 260 |
_aChapingo, Méx. : _bEl autor, _c2016. |
||
| 500 | _aPara ver el contenido del material haga clic en la liga | ||
| 502 | _aTesis (Ing. Agr. Esp. en Parasitología Agrícola) -- UACH. Departamento de Parasitología Agrícola | ||
| 590 |
_aBATCH-UPD _b05 _c20170608 _lUCH01 _h1008 |
||
| 590 |
_aE11695DGD _b10 _c20170611 _lUCH01 _h1444 |
||
| 590 |
_aE8697GMM _b05 _c20170608 _lUCH01 _h0933 |
||
| 590 |
_aE8697GMM _b05 _c20170608 _lUCH01 _h1007 |
||
| 650 | 1 | 4 |
_aCerotelium fici _xControl. _9132513 |
| 650 | 1 | 4 |
_aHigo _xEnfermedades por hongos. _9132512 |
| 650 | 1 | 4 |
_aHigo _xFisiología y morfología. _955345 |
| 650 | 1 | 4 |
_aHongos fitopatógenos _xControl. _9129457 |
| 650 | 1 | 4 |
_aHongos fitopatógenos _xIdentificación. _9131720 |
| 856 |
_aFinding aid _uhttp://10.13.5.2/tesis/sist113334.pdf _zTeclea aquí |
||
| 901 | _aBK | ||
| 942 | _cTESIS | ||
| 942 | _n0 | ||
| 999 |
_c109795 _d109795 |
||